000 00679nam a2200205 i 4500
001 32558
003 ES-MaACL
005 20230906154608.0
007 t|
008 030131s1979 sp ||||1| spa d
100 1 _aBertalanffy, Ludwig von.
_928419
245 1 0 _aPerspectivas en la teoría general de sitemas
_b: estudios científico-filosóficos /
_cLudwig von Bertalanffy ; versión... de Antonio Santisteban.
260 _aMadrid :
_bAlianza,
_c[1979]
300 _a166 p. ;
_c20 cm.
490 1 _aAlianza universidad
700 1 _aSantisteban, Antonio.
_9103431
830 0 _aAlianza universidad
_9177276
852 _aES-MaACL
_jA-10210
_bR.99094
999 _c32558
_d32558